Introduction To Artificial Intelligence And Data Science (Record no. 38179)

MARC details
000 -LEADER
fixed length control field 00364nam a22001457a 4500
082 ## - DEWEY DECIMAL CLASSIFICATION NUMBER
Classification number 006.3 JYO
100 ## - MAIN ENTRY--AUTHOR NAME
Personal name Jyothy T J
245 ## - TITLE STATEMENT
Title Introduction To Artificial Intelligence And Data Science
250 ## - EDITION STATEMENT
Edition statement 1
260 ## - PUBLICATION, DISTRIBUTION, ETC. (IMPRINT)
Name of publisher Owl Books
Place of publication Thiruvananthapuram
Year of publication 2025
546 ## - LANGUAGE NOTE
Language note Language : English
650 ## - SUBJECT ADDED ENTRY--TOPICAL TERM
Topical Term CSE
942 ## - ADDED ENTRY ELEMENTS (KOHA)
Koha item type Text Book
952 ## - LOCATION AND ITEM INFORMATION (KOHA)
Damaged status
Not for loan
952 ## - LOCATION AND ITEM INFORMATION (KOHA)
Damaged status
Not for loan
Holdings
Withdrawn status Collection code Permanent Location Current Location Shelving location Date acquired Source of acquisition Cost, normal purchase price Inventory number Full call number Accession Number Price effective from Koha item type
  Computer Science and Engineering VAST Central Library VAST Central Library S-23/CS 10/01/2026 Cosmo Books 350.00 K797 006.3 JYO 38364 03/02/2026 Text Book
  Computer Science and Engineering VAST Central Library VAST Central Library S-23/CS 10/01/2026 Cosmo Books 350.00 K797 006.3 JYO 38365 03/02/2026 Text Book